New Zealand All Blacks Rugby - Most Starts at Fullback - Statistics

General Stats
  • This quiz has been taken 126 times
  • The average score is 5 of 6
Answer Stats
Starts at Fullback Player % Correct
48 Israel Dagg
94%
83 Mils Muliaina
94%
33 Ben Smith
91%
45 Christian Cullen
89%
27 Leon MacDonald
56%
31 Don Clarke
46%
No matching quizzes found
Score Distribution
Percent of People with Each Score
Percentile by Number Answered
Your Score History
You have not taken this quiz